<?xml version="1.0" encoding="UTF-8"?>
<record
    xmlns:xsi="http://www.w3.org/2001/XMLSchema-instance"
    xsi:schemaLocation="http://www.loc.gov/MARC21/slim http://www.loc.gov/standards/marcxml/schema/MARC21slim.xsd"
    xmlns="http://www.loc.gov/MARC21/slim">

  <leader>03014nam a22002657a 4500</leader>
  <controlfield tag="003">NALT</controlfield>
  <controlfield tag="005">20250925151141.0</controlfield>
  <controlfield tag="008">221219b        th ||||| |||| 00| 0 tha d</controlfield>
  <datafield tag="040" ind1=" " ind2=" ">
    <subfield code="a">NALT</subfield>
  </datafield>
  <datafield tag="090" ind1=" " ind2=" ">
    <subfield code="a">KD 263</subfield>
    <subfield code="b">&#xE2A;226&#xE02; 2565</subfield>
  </datafield>
  <datafield tag="110" ind1="2" ind2=" ">
    <subfield code="9">14512</subfield>
    <subfield code="a">&#xE2A;&#xE33;&#xE19;&#xE31;&#xE01;&#xE07;&#xE32;&#xE19;&#xE40;&#xE25;&#xE02;&#xE32;&#xE18;&#xE34;&#xE01;&#xE32;&#xE23;&#xE2A;&#xE20;&#xE32;&#xE1C;&#xE39;&#xE49;&#xE41;&#xE17;&#xE19;&#xE23;&#xE32;&#xE29;&#xE0E;&#xE23;. </subfield>
    <subfield code="b">&#xE2A;&#xE33;&#xE19;&#xE31;&#xE01;&#xE1B;&#xE23;&#xE30;&#xE0A;&#xE32;&#xE2A;&#xE31;&#xE21;&#xE1E;&#xE31;&#xE19;&#xE18;&#xE4C;. </subfield>
    <subfield code="b">&#xE01;&#xE25;&#xE38;&#xE48;&#xE21;&#xE07;&#xE32;&#xE19;&#xE1C;&#xE25;&#xE34;&#xE15;&#xE40;&#xE2D;&#xE01;&#xE2A;&#xE32;&#xE23;</subfield>
  </datafield>
  <datafield tag="245" ind1="1" ind2="0">
    <subfield code="a">&#xE02;&#xE49;&#xE2D;&#xE1A;&#xE31;&#xE07;&#xE04;&#xE31;&#xE1A; : </subfield>
    <subfield code="b">&#xE02;&#xE49;&#xE2D;&#xE1A;&#xE31;&#xE07;&#xE04;&#xE31;&#xE1A;&#xE01;&#xE32;&#xE23;&#xE1B;&#xE23;&#xE30;&#xE0A;&#xE38;&#xE21;&#xE2A;&#xE20;&#xE32;&#xE1C;&#xE39;&#xE49;&#xE41;&#xE17;&#xE19;&#xE23;&#xE32;&#xE29;&#xE0E;&#xE23; &#xE1E;.&#xE28;. 2562 &#xE02;&#xE49;&#xE2D;&#xE1A;&#xE31;&#xE07;&#xE04;&#xE31;&#xE1A;&#xE01;&#xE32;&#xE23;&#xE1B;&#xE23;&#xE30;&#xE0A;&#xE38;&#xE21;&#xE2A;&#xE20;&#xE32;&#xE1C;&#xE39;&#xE49;&#xE41;&#xE17;&#xE19;&#xE23;&#xE32;&#xE29;&#xE0E;&#xE23; (&#xE09;&#xE1A;&#xE31;&#xE1A;&#xE17;&#xE35;&#xE48; 2) &#xE1E;.&#xE28;. 2563 &#xE02;&#xE49;&#xE2D;&#xE1A;&#xE31;&#xE07;&#xE04;&#xE31;&#xE1A;&#xE01;&#xE32;&#xE23;&#xE1B;&#xE23;&#xE30;&#xE0A;&#xE38;&#xE21;&#xE2A;&#xE20;&#xE32;&#xE1C;&#xE39;&#xE49;&#xE41;&#xE17;&#xE19;&#xE23;&#xE32;&#xE29;&#xE0E;&#xE23; (&#xE09;&#xE1A;&#xE31;&#xE1A;&#xE17;&#xE35;&#xE48; 3) &#xE1E;.&#xE28;. 2565 &#xE02;&#xE49;&#xE2D;&#xE1A;&#xE31;&#xE07;&#xE04;&#xE31;&#xE1A;&#xE27;&#xE48;&#xE32;&#xE14;&#xE49;&#xE27;&#xE22;&#xE1B;&#xE23;&#xE30;&#xE21;&#xE27;&#xE25;&#xE08;&#xE23;&#xE34;&#xE22;&#xE18;&#xE23;&#xE23;&#xE21;&#xE02;&#xE2D;&#xE07;&#xE2A;&#xE21;&#xE32;&#xE0A;&#xE34;&#xE01;&#xE2A;&#xE20;&#xE32;&#xE1C;&#xE39;&#xE49;&#xE41;&#xE17;&#xE19;&#xE23;&#xE32;&#xE29;&#xE0E;&#xE23;&#xE41;&#xE25;&#xE30;&#xE01;&#xE23;&#xE23;&#xE21;&#xE32;&#xE18;&#xE34;&#xE01;&#xE32;&#xE23; &#xE1E;.&#xE28;. 2563 &#xE02;&#xE49;&#xE2D;&#xE1A;&#xE31;&#xE07;&#xE04;&#xE31;&#xE1A;&#xE01;&#xE32;&#xE23;&#xE1B;&#xE23;&#xE30;&#xE0A;&#xE38;&#xE21;&#xE23;&#xE31;&#xE10;&#xE2A;&#xE20;&#xE32; &#xE1E;.&#xE28;. 2563 /</subfield>
    <subfield code="c">&#xE01;&#xE25;&#xE38;&#xE48;&#xE21;&#xE07;&#xE32;&#xE19;&#xE1C;&#xE25;&#xE34;&#xE15;&#xE40;&#xE2D;&#xE01;&#xE2A;&#xE32;&#xE23; &#xE2A;&#xE33;&#xE19;&#xE31;&#xE01;&#xE1B;&#xE23;&#xE30;&#xE0A;&#xE32;&#xE2A;&#xE31;&#xE21;&#xE1E;&#xE31;&#xE19;&#xE18;&#xE4C; &#xE2A;&#xE33;&#xE19;&#xE31;&#xE01;&#xE07;&#xE32;&#xE19;&#xE40;&#xE25;&#xE02;&#xE32;&#xE18;&#xE34;&#xE01;&#xE32;&#xE23;&#xE2A;&#xE20;&#xE32;&#xE1C;&#xE39;&#xE49;&#xE41;&#xE17;&#xE19;&#xE23;&#xE32;&#xE29;&#xE0E;&#xE23;.</subfield>
  </datafield>
  <datafield tag="260" ind1=" " ind2=" ">
    <subfield code="a">&#xE01;&#xE23;&#xE38;&#xE07;&#xE40;&#xE17;&#xE1E;&#xE2F; : </subfield>
    <subfield code="b">&#xE2A;&#xE33;&#xE19;&#xE31;&#xE01;&#xE01;&#xE32;&#xE23;&#xE1E;&#xE34;&#xE21;&#xE1E;&#xE4C; &#xE2A;&#xE33;&#xE19;&#xE31;&#xE01;&#xE07;&#xE32;&#xE19;&#xE40;&#xE25;&#xE02;&#xE32;&#xE18;&#xE34;&#xE01;&#xE32;&#xE23;&#xE2A;&#xE20;&#xE32;&#xE1C;&#xE39;&#xE49;&#xE41;&#xE17;&#xE19;&#xE23;&#xE32;&#xE29;&#xE0E;&#xE23;, </subfield>
    <subfield code="c">2565.</subfield>
  </datafield>
  <datafield tag="300" ind1=" " ind2=" ">
    <subfield code="a">191 &#xE2B;&#xE19;&#xE49;&#xE32; :</subfield>
    <subfield code="c">21 &#xE0B;&#xE21;.</subfield>
  </datafield>
  <datafield tag="505" ind1="0" ind2=" ">
    <subfield code="a">&#xE02;&#xE49;&#xE2D;&#xE1A;&#xE31;&#xE07;&#xE04;&#xE31;&#xE1A;&#xE01;&#xE32;&#xE23;&#xE1B;&#xE23;&#xE30;&#xE0A;&#xE38;&#xE21;&#xE2A;&#xE20;&#xE32;&#xE1C;&#xE39;&#xE49;&#xE41;&#xE17;&#xE19;&#xE23;&#xE32;&#xE29;&#xE0E;&#xE23; &#xE1E;.&#xE28;. 2562 -- &#xE02;&#xE49;&#xE2D;&#xE1A;&#xE31;&#xE07;&#xE04;&#xE31;&#xE1A;&#xE01;&#xE32;&#xE23;&#xE1B;&#xE23;&#xE30;&#xE0A;&#xE38;&#xE21;&#xE2A;&#xE20;&#xE32;&#xE1C;&#xE39;&#xE49;&#xE41;&#xE17;&#xE19;&#xE23;&#xE32;&#xE29;&#xE0E;&#xE23; (&#xE09;&#xE1A;&#xE31;&#xE1A;&#xE17;&#xE35;&#xE48; 2) &#xE1E;.&#xE28;. 2563 -- &#xE02;&#xE49;&#xE2D;&#xE1A;&#xE31;&#xE07;&#xE04;&#xE31;&#xE1A;&#xE01;&#xE32;&#xE23;&#xE1B;&#xE23;&#xE30;&#xE0A;&#xE38;&#xE21;&#xE2A;&#xE20;&#xE32;&#xE1C;&#xE39;&#xE49;&#xE41;&#xE17;&#xE19;&#xE23;&#xE32;&#xE29;&#xE0E;&#xE23; (&#xE09;&#xE1A;&#xE31;&#xE1A;&#xE17;&#xE35;&#xE48; 3) &#xE1E;.&#xE28;. 2565 -- &#xE02;&#xE49;&#xE2D;&#xE07;&#xE1A;&#xE31;&#xE07;&#xE04;&#xE31;&#xE1A;&#xE27;&#xE48;&#xE32;&#xE14;&#xE49;&#xE27;&#xE22;&#xE1B;&#xE23;&#xE30;&#xE21;&#xE27;&#xE25;&#xE08;&#xE23;&#xE34;&#xE22;&#xE18;&#xE23;&#xE23;&#xE21;&#xE02;&#xE2D;&#xE07;&#xE2A;&#xE21;&#xE32;&#xE0A;&#xE34;&#xE01;&#xE2A;&#xE20;&#xE32;&#xE1C;&#xE39;&#xE49;&#xE41;&#xE17;&#xE19;&#xE23;&#xE32;&#xE29;&#xE0E;&#xE23;&#xE41;&#xE25;&#xE30;&#xE01;&#xE23;&#xE23;&#xE21;&#xE32;&#xE18;&#xE34;&#xE01;&#xE32;&#xE23; &#xE1E;.&#xE28;. 2563 -- &#xE02;&#xE49;&#xE2D;&#xE07;&#xE1A;&#xE31;&#xE07;&#xE04;&#xE31;&#xE1A;&#xE01;&#xE32;&#xE23;&#xE1B;&#xE23;&#xE30;&#xE0A;&#xE38;&#xE21;&#xE23;&#xE31;&#xE10;&#xE2A;&#xE20;&#xE32; &#xE1E;.&#xE28;. 2563.</subfield>
  </datafield>
  <datafield tag="650" ind1=" " ind2="4">
    <subfield code="9">45199</subfield>
    <subfield code="a">&#xE2A;&#xE20;&#xE32;&#xE1C;&#xE39;&#xE49;&#xE41;&#xE17;&#xE19;&#xE23;&#xE32;&#xE29;&#xE0E;&#xE23;</subfield>
    <subfield code="x">&#xE02;&#xE49;&#xE2D;&#xE1A;&#xE31;&#xE07;&#xE04;&#xE31;&#xE1A;&#xE01;&#xE32;&#xE23;&#xE1B;&#xE23;&#xE30;&#xE0A;&#xE38;&#xE21; </subfield>
    <subfield code="y">2562</subfield>
  </datafield>
  <datafield tag="650" ind1=" " ind2="4">
    <subfield code="9">55883</subfield>
    <subfield code="a">&#xE23;&#xE31;&#xE10;&#xE2A;&#xE20;&#xE32;</subfield>
    <subfield code="x">&#xE02;&#xE49;&#xE2D;&#xE1A;&#xE31;&#xE07;&#xE04;&#xE31;&#xE1A;&#xE01;&#xE32;&#xE23;&#xE1B;&#xE23;&#xE30;&#xE0A;&#xE38;&#xE21; </subfield>
  </datafield>
  <datafield tag="650" ind1=" " ind2="4">
    <subfield code="9">29071</subfield>
    <subfield code="a">&#xE2A;&#xE21;&#xE32;&#xE0A;&#xE34;&#xE01;&#xE2A;&#xE20;&#xE32;&#xE1C;&#xE39;&#xE49;&#xE41;&#xE17;&#xE19;&#xE23;&#xE32;&#xE29;&#xE0E;&#xE23;</subfield>
    <subfield code="x">&#xE08;&#xE23;&#xE34;&#xE22;&#xE18;&#xE23;&#xE23;&#xE21;</subfield>
  </datafield>
  <datafield tag="650" ind1=" " ind2="4">
    <subfield code="9">29070</subfield>
    <subfield code="a">&#xE01;&#xE23;&#xE23;&#xE21;&#xE32;&#xE18;&#xE34;&#xE01;&#xE32;&#xE23;</subfield>
    <subfield code="x">&#xE08;&#xE23;&#xE34;&#xE22;&#xE18;&#xE23;&#xE23;&#xE21;</subfield>
  </datafield>
  <datafield tag="850" ind1=" " ind2=" ">
    <subfield code="a">NALT</subfield>
  </datafield>
  <datafield tag="856" ind1="4" ind2="0">
    <subfield code="u">https://www.youtube.com/watch?v=cy2rl7sShMs</subfield>
    <subfield code="y">View on YouTube</subfield>
  </datafield>
  <datafield tag="942" ind1=" " ind2=" ">
    <subfield code="c">LB</subfield>
    <subfield code="2">local</subfield>
  </datafield>
  <datafield tag="996" ind1=" " ind2=" ">
    <subfield code="a">kanyakorn.i</subfield>
    <subfield code="b">LIBSTF</subfield>
    <subfield code="c">2025-09-25</subfield>
  </datafield>
  <datafield tag="999" ind1=" " ind2=" ">
    <subfield code="c">101230</subfield>
    <subfield code="d">101230</subfield>
  </datafield>
  <datafield tag="998" ind1=" " ind2=" ">
    <subfield code="j">9013</subfield>
    <subfield code="k"> &#xE01;&#xE31;&#xE25;&#xE22;&#xE01;&#xE23; &#xE2D;&#xE34;&#xE48;&#xE21;&#xE2A;&#xE32;&#xE22;</subfield>
  </datafield>
  <datafield tag="952" ind1=" " ind2=" ">
    <subfield code="0">0</subfield>
    <subfield code="1">0</subfield>
    <subfield code="2">local</subfield>
    <subfield code="4">0</subfield>
    <subfield code="7">0</subfield>
    <subfield code="8">CLAW</subfield>
    <subfield code="a">NALT</subfield>
    <subfield code="b">NALT</subfield>
    <subfield code="c">LAW</subfield>
    <subfield code="d">2022-12-19</subfield>
    <subfield code="l">1</subfield>
    <subfield code="o">KD 263 &#xE2A;226&#xE02; 2565</subfield>
    <subfield code="p">3961213412</subfield>
    <subfield code="r">2023-06-23 00:00:00</subfield>
    <subfield code="s">2023-06-13</subfield>
    <subfield code="t">&#xE09;.1</subfield>
    <subfield code="w">2022-12-19</subfield>
    <subfield code="y">LB</subfield>
    <subfield code="z">Click 'Play media' to view</subfield>
  </datafield>
  <datafield tag="952" ind1=" " ind2=" ">
    <subfield code="0">0</subfield>
    <subfield code="1">0</subfield>
    <subfield code="2">local</subfield>
    <subfield code="4">0</subfield>
    <subfield code="7">0</subfield>
    <subfield code="8">CLAW</subfield>
    <subfield code="a">NALT</subfield>
    <subfield code="b">NALT</subfield>
    <subfield code="c">LAW</subfield>
    <subfield code="d">2022-12-19</subfield>
    <subfield code="o">KD 263 &#xE2A;226&#xE02; 2565</subfield>
    <subfield code="p">3961213413</subfield>
    <subfield code="r">2025-10-16 00:00:00</subfield>
    <subfield code="t">&#xE09;.2</subfield>
    <subfield code="w">2022-12-19</subfield>
    <subfield code="y">LB</subfield>
    <subfield code="z">Click 'Play media' to view</subfield>
  </datafield>
</record>
